| 000 | 00807nac a22002171u 4500 | ||
|---|---|---|---|
| 010 | _a 96022968 | ||
| 020 | _a0201423006 | ||
| 082 | 0 | 0 |
_a005.42 _bBEC |
| 090 |
_c8059 _d8059 |
||
| 100 | _aBeck, Leland L. | ||
| 245 | 1 | 0 |
_aSystem software : _ban introduction to systems programming / _cLeland L. Beck. |
| 250 | _a3rd ed. | ||
| 260 |
_aReading, Mass. : _bAddison-Wesley,c1997. _cc1997. |
||
| 300 |
_axiii, 519 p. : _bill. ; _c24 cm. |
||
| 500 | _aDistributer: Al-Ahram. | ||
| 504 | _aIncludes bibliographical references (p. 507-509) and index. | ||
| 511 | _aCatalogued By:Mahitab. | ||
| 650 | 0 | _aSystems programming (Computer science) | |
| 942 |
_cBB _k005.42BEC |
||
| 999 |
_c8059 _d8059 |
||